000 00434nam a2200181Ia 4500
001 9188
005 20260306160705.0
008 260306t1976||||xx |||||||||||||| ||spa||
041 _aESP
082 _a375
_bV17
100 _aValbuena, Antonio,
_eAUT
245 0 _aBibliografĂ­a especializada sobre curriculum
260 _c1976
300 _a46 páginas :
_c20 cm.
650 _aGEN
654 _aCED
942 _cLIB
_dJUS
_fJUS
_2ddc
_n
999 _c9188
_d9188